00595nam a2200169 a 4500008004100000020002200041100002500063245009400088260004100182300003500223650006500258700001900323740005600342003000100398005001700399040000900416  a0827312776 (pbk.)1 aGarrard, Crawford G.10aPractical problems in mathematics for electricians /cCrawford G. Garrard, Frank A. Boyd. aAlbany :bDelmar Publishers,cc1980. aviii, 159 p. :bill. ;c26 cm. 0aElectric engineeringxMathematicsxProblems, exercises, etc.1 aBoyd, Frank A. aMathematics for electricians :bpractical problems.20230123133213.0 cNUST